Valorant - Agents Ace Voiceline (Gekko) - Statistics

General Stats
  • This quiz has been taken 422 times
  • The average score is 19 of 53
Answer Stats
Hint Answer % Correct
"Go ahead! Call me tech support again! KillJoy
69%
Today, I was the sword. Sage
64%
Bring it! Me against the world! Raze
62%
This horse kicks. Brimstone
60%
I know what they're thinking, "aimbot". Kayo
59%
Send five more, we can do this again! Yoru
57%
Ha! You should've seen your faces. Jett
56%
You wanted a villain? I gave you a villain! Viper
56%
Get off my lawn. Brimstone
55%
Thank you. I was starving! Reyna
54%
Oh thank you, thank you, you are too kind. Chamber
52%
I was built for this. Kayo
49%
Talk about collateral damage! Ha! Raze
49%
You're dead, and I didn't feel anything. Not even a thrill Cypher
48%
Worthless dead fools. Omen
46%
Bow before me. Reyna
45%
Your dreams are dust. Fade
44%
What can I say. When I want something, I take it. Reyna
43%
Must I do everything? Sage
43%
What the hell were the rest of you doing? Breach
42%
I'm king of this hill. Brimstone
41%
Did you enjoy the show? Of course you did. Chamber
40%
All done, please don't hug me. Neon
40%
Die meaningless. Reyna
39%
Mess with again? Oh wait, you can't! Phoenix
38%
Ah, you forget. I've always been a killer. Cypher
37%
You're pathetic. Breach
36%
I'm firing on all cylinders! Breach
35%
Yo! Did you see me? Y'all saw that, right? Gekko
35%
Get out of my kill zone! Kayo
35%
I'm in overdrive Breach
31%
I'll run through you every damn time Breach
31%
I can feel it. I can be so much more. Skye
31%
I really am fantastic. Chamber
29%
How did I get this powerful?! Skye
28%
The barrel of the gun is always dark. Astra
27%
Y'all should have stayed home. Gekko
25%
You thought you could come against I. Phoenix
25%
History will forget them Harbor
24%
You made me care. Big mistake. Neon
23%
I'll tear through you all. Sova
23%
Is there no one left? Sova
22%
Who else do you have?! Sova
22%
None escape me. Sova
21%
Don't worry. I did all the work. Fade
19%
You cannot escape! Sova
19%
Anyone else want to try me? Breach
18%
Never come back. Sova
17%
Had to do it to 'em. Gekko
16%
And don't come back! Neon
13%
Is that it?! Sova
12%
Looks like I got a little carried away. Harbor
11%
What did they expect?! Harbor
9%
No matching quizzes found
Score Distribution
Percent of People with Each Score
Percentile by Number Answered
Your Score History
You have not taken this quiz